000 03754nam0a2200517 4500
001 RU\NLR\BIBL_A\022656928
005 20260128141342.0
010 _a978-5-6047797-5-0
_9320
021 _aRU
_bКН-П-25-057614
_9КН-П-25-5548
035 _a(NLR Aleph) 022656928
090 _a13539110
_c13539110
100 _a20251029d2025 k y0rusy50 ca
101 0 _arus
_deng
102 _aRU
105 _aa z 111yy
181 0 _ai
_b xxe
182 0 _an
200 1 _aИнновационные процессы комплексной и глубокой переработки природного и нетрадиционного минерального сырья
_dInnovative processes of integrated and deep processing of natural and non-traditional mineral raw materials
_e(Плаксинские чтения – 2025)
_eматериалы международной конференции, г. Екатеринбург, 29 сентября – 4 октября 2025 г.
_fОтделение наук о Земле Российской академии наук [и др.]
_gсоставители: к. т. н., доц. Т. В. Чекушина, к. т. н., доц. Т. Ю. Овчинникова
_gнаучный редактор: академик РАН В. А. Чантурия
_zeng
203 _aТекст
_bвизуальный
_cнепосредственный
210 _aЕкатеринбург
_cРусских А. В.
_d2025
215 _a524, [3] с.
_cил., цв. ил., табл.
_d21
300 _aРез. англ.
300 _aНа тит. с.: 125 лет чл.-кор. АН СССР И. Н. Плаксину, 1900–1967
300 _aНа обл.: 280 лет золотодобывающей пром-сти России
301 _aDOI 10.21440/978-5-6047797-5-0-2025-3-510
320 _aАвт. указ.: в конце кн.
320 _aБиблиогр. в конце ст.
510 1 _aInnovative processes of integrated and deep processing of natural and non-traditional mineral raw materials
_zeng
517 1 _aПлаксинские чтения – 2025
606 1 _aМинеральное сырье
_jСъезды, совещания и т.п
_xПереработка
_91674890
_3RU\NLR\AUTH\66743124
606 1 _aТехногенное сырье
_jСъезды, совещания и т.п
_92089554
_3RU\NLR\AUTH\661264859
606 1 _aОбогащение (горн.)
_jСъезды, совещания и т.п
_9937805
_3RU\NLR\AUTH\6627815
606 1 _aФлотация
_jСъезды, совещания и т.п
_91179983
_3RU\NLR\AUTH\66157036
606 1 _aГидрометаллургия
_jСъезды, совещания и т.п
_9988621
_3RU\NLR\AUTH\6655111
686 1 _aЛ20я431(0)
686 1 _aИ41я431(0)
686 1 _aК315я431(0)
702 1 _aЧекушина
_bТ. В.
_gТатьяна Владимировна
_4220
702 1 _4340
_7ca
_8rus
_aЧантурия
_bВ. А.
_f1938-
_gВалентин Алексеевич
_927430
_3RU\NLR\AUTH\7744490
711 1 2 _a"Инновационные процессы комплексной и глубокой переработки природного и нетрадиционного минерального сырья", международная конференция
_eЕкатеринбург
_f2025
_92685075
_3RU\NLR\AUTH\880634454
712 0 2 _4557
_aРоссийская академия наук
_bОтделение наук о Земле
_9606128
_3RU\NLR\AUTH\8810052853
942 _cBOOK
980 _aNB